000 00524nam a2200181Ia 4500
999 _c22435
_d22435
003 OSt
005 20200214115309.0
008 190216s9999||||xx |||||||||||||| ||und||
040 _coclc
082 _a297
_bMOU/I
100 _aMoudoodi, Abul Ala
_91860
245 0 _aIslamika Samskaram Moola Shilakal /
_cAbul Ala Moudoodi
250 _a1st ed.
260 _bIslamic Publishing House,
_c1986.
_aCalicut:
300 _a289p
650 _aIslamic History
942 _cBK
_2ddc
_h297
_iMOU/I
_k297
_mMOU/I